00761pam a2200241 a 4500001000800000005001700008008004100025010001700066020002200083040001800105041000800123060001200131080001700143082002100160100000600181101000800187245008300195504005100278906004500329942001200374999001700386952011600403231598920180131073217.0820107s1982 ilua b 001 0 eng  a 81024081  a0815118686 (pbk.) aDLCcDLCdDLC aeng aW18 O94 a614..1 JAM00a614..1 JAM219 a5 aSTO00aOutline of forensic dentistry /ceditors, James A. Cottone, S. Miles Standish. aIncludes bibliographical references and index. a7bcbccorignewd1eocipf19gy-gencatlg 2ddccBK c41381d41381 00102udc40708PËKGa002b002cPËKGd2018-01-31l0o614..1 JAMp002-2998058r2018-01-31w2018-01-31yBK